|
|
|
|
| LEADER |
00000nam0a2200000 4500 |
| 001 |
146887 |
| 005 |
20231031144824.0 |
| 035 |
|
|
|a (RuTPU)RU\TPU\book\159220
|
| 090 |
|
|
|a 146887
|
| 100 |
|
|
|a 20081105d1967 m y0rusy50 ca
|
| 101 |
0 |
|
|a rus
|
| 102 |
|
|
|a RU
|
| 105 |
|
|
|a a z 001zy
|
| 200 |
1 |
|
|a Некоторые вопросы технической акустики
|f Московский горный институт (МГИ; под ред. А. В. Римского-Корсакова
|
| 210 |
|
|
|a Москва
|c Недра
|d 1967
|
| 215 |
|
|
|a 71 с.
|c ил.
|
| 320 |
|
|
|a Библиография в конце статей
|
| 610 |
1 |
|
|a техническая акустика
|
| 610 |
1 |
|
|a ультразвук
|
| 610 |
1 |
|
|a горное дело
|
| 610 |
1 |
|
|a применение
|
| 610 |
1 |
|
|a расчет
|
| 610 |
1 |
|
|a сборники
|
| 675 |
|
|
|a 622
|v 3
|
| 675 |
|
|
|a 534
|v 3
|
| 702 |
|
1 |
|a Римский-Корсаков
|b А. В.
|g Андрей Владимирович
|4 340
|
| 712 |
0 |
2 |
|a Московский горный институт (МГИ)
|c (1930-1962, 1966-1993)
|2 stltpush
|3 (RuTPU)RU\TPU\col\3944
|
| 801 |
|
1 |
|a RU
|b 63413507
|c 20081105
|g PSBO
|
| 801 |
|
2 |
|a RU
|b 63413507
|c 20140610
|g PSBO
|
| 942 |
|
|
|c BK
|